1290 1070 1133 1670 1170 1420 1842 1772 1023 1533 1142 1342 1116 1329 1601 1471 1053 1082 1016 1448 1400 1249 1009 1803 1680 1508 1088 1189 1970 1080 1573 1462 1094 1813 1297 1297 1129 1940 1569 1171 1078 1071 1529 1371 1778 1069 1003 1978 1075 1208 1050 1069 1051 1318 1751 1869 1168 1996 1200 1196 1818 1329 1797 1920 1097 1244 1634 1328 1322 1305 1135 1903 1114 1001 1264 1292 1463 1905 1929 1131 1953 1173 1689 1271 1147 1085 1752 1588 1886 1180 1787 1232 1094 1509 1961 1049 1015 1499 1725 BCNSPRNW ULIB Ver.6.0+V

เปลี่ยนเป็นภาษาไทย

Change to English
 แสดงรายละเอียดบรรณานุกรม
  กลับหน้าหลัก

Brief Record : Get Marc (ISO 2709) : E-mail record : QR code < ปิดหน้าต่าง
LEADER : 00000nam 2200000uu 4500
001    13399126336
003     ULIB
008    180910s2560||||th 000 0 tha d
020    ^a9786164071711^c250
060  4 ^aWB 320^bต367
245 00 ^aตำราเวชศาสตร์ฟื้นฟู =^bRehabilitation medicine textbook /^cบรรณาธิการ, วสุวัฒน์ กิติสมประยูรกุล, ภัทรพล ยศเนืองนิตย์, สิริขวัญ ปัญญาศรีวณิช
246 31 ^aRehabilitation medicine textbook
250    ^aพืมพ์ครั้งที่ 4
260    ^aกรุงเทพฯ :^bภาควิชาเวชศาสตร์ฟื้นฟู คณะแพทยศาสตร์ จุฬาลงกรณ์มหาวิทยาลัย,^c2560
300    ^a426 หน้า :^bภาพประกอบ
650  2 ^aRehabilitation
650  4 ^aการฟื้นฟูสมรรถภาพ
650  4 ^aเวชศาสตร์ฟื้นฟู
650  4 ^aการประกอบโรคศิลป์
700 0  ^aวสุวัฒน์ กิติสมประยูรกุล,^eบรรณาธิการ
700 0  ^aภัทรพล ยศเนืองนิตย์,^eบรรณาธิการ
700 0  ^aสิริขวัญ ปัญญาศรีวณิช,^eบรรณาธิการ
710 2  ^aสภากาชาดไทย.^bศูนย์เวชศาสตร์ฟื้นฟู
710 2  ^aจุฬาลงกรณ์มหาวิทยาลัย.^bคณะแพทยศาสตร์.^bภาควิชาเวชศาสตร์ฟื้นฟู
945    ^p250^l0^i26583
945    ^p250^l0^i26582
999    ^aกัณชพร จุลอักษร
รายการนี้ยังไม่มีแท็ก
คุณยังไม่ได้ล็อกอิน คุณสามารถมีกิจกรรมร่วมกับเว็บไซต์ได้ แต่ต้องล็อกอินก่อน ::
  ล็อกอิน

รายการสื่อสารสนเทศ

ลำดับที่ ประเภท เลขเรียก/บาร์โค้ด สถานที่ สถานะ
1. หนังสือสำรอง
หนังสือสำรอง
WB 320 ต367 ฉ.1 
  Barcode: 26582
ห้องสมุดวิทยาเขตนครสวรรค์
►หนังสือทั่วไป:l:General Books
บนชั้น
2. วิทยาศาสตร์การแพทย์ และสุขภาพ
วิทยาศาสตร์การแพทย์ และสุขภาพ
WB 320 ต367 ฉ.2 
  Barcode: 26583
ห้องสมุดวิทยาเขตนครสวรรค์
►หนังสือทั่วไป:l:General Books
บนชั้น

รายการใกล้เคียง
    หัวเรื่อง [Rehabilitation]
    หัวเรื่อง [การฟื้นฟูสมรรถภาพ]
    หัวเรื่อง [เวชศาสตร์ฟื้นฟู]
    หัวเรื่อง [การประกอบโรคศิลป์]

BibComment


ยังไม่เคยถูกคอมเมนท์

คอมเมนท์ทรัพยากรรายการนี้
  คอมเมนท์: ตำราเวชศาสตร์ฟื้..


 Copyright 2026. Bcnsprnw @Library